Harvard business essentials : (Record no. 1012)
[ view plain ]
| 000 -LEADER | |
|---|---|
| fixed length control field | 00771nam a2200229 ar4500 |
| 001 - CONTROL NUMBER | |
| control field | 1013 |
| 005 - DATE AND TIME OF LATEST TRANSACTION | |
| control field | 20221127090105.0 |
| 008 - FIXED-LENGTH DATA ELEMENTS--GENERAL INFORMATION | |
| fixed length control field | s xxu 00110 eng d |
| 020 ## - INTERNATIONAL STANDARD BOOK NUMBER | |
| International Standard Book Number | 1591392896 : |
| Terms of availability | SR80.00 |
| 082 04 - DEWEY DECIMAL CLASSIFICATION NUMBER | |
| Classification number | 658 |
| Item number | H261 2004 |
| 245 00 - TITLE STATEMENT | |
| Title | Harvard business essentials : |
| Remainder of title | manager's toolkit : the 13 skills managers need to succeed. |
| 246 0# - VARYING FORM OF TITLE | |
| Title proper/short title | Manager's toolkit. |
| 260 ## - PUBLICATION, DISTRIBUTION, ETC. | |
| Place of publication, distribution, etc. | Boston, Mass. : |
| Name of publisher, distributor, etc. | Harvard Business School Press, |
| Date of publication, distribution, etc. | 2004. |
| 300 ## - PHYSICAL DESCRIPTION | |
| Extent | xvii, 328 p. ; |
| Dimensions | 24 cm. |
| 440 #0 - SERIES STATEMENT/ADDED ENTRY--TITLE | |
| Title | Harvard business essentials series. |
| 500 ## - GENERAL NOTE | |
| General note | Richard Luecke(writer of series) |
| 504 ## - BIBLIOGRAPHY, ETC. NOTE | |
| Bibliography, etc. note | Includes bibl. references and index. |
| 650 #4 - SUBJECT ADDED ENTRY--TOPICAL TERM | |
| Topical term or geographic name entry element | Supervision of employees. |
| 650 #4 - SUBJECT ADDED ENTRY--TOPICAL TERM | |
| Topical term or geographic name entry element | Management. |
| 700 0# - ADDED ENTRY--PERSONAL NAME | |
| Personal name | Luecke, Richard. |
| 710 2# - ADDED ENTRY--CORPORATE NAME | |
| Corporate name or jurisdiction name as entry element | Harvard Business School. |
| Withdrawn status | Lost status | Source of classification or shelving scheme | Damaged status | Not for loan | Home library | Current library | Date acquired | Total Checkouts | Full call number | Barcode | Date last seen | Copy number | Price effective from | Koha item type |
|---|---|---|---|---|---|---|---|---|---|---|---|---|---|---|
| CENTRAL | CENTRAL | 11/27/2022 | 658 H261 2004 | 1000000000253 | 11/27/2022 | C2 | 11/27/2022 | Book | ||||||
| KHOBAR | KHOBAR | 11/27/2022 | 658 H261 2004 | 1000000000254 | 11/27/2022 | C1 | 11/27/2022 | Book |
